The stuff of thought: (Record no. 1822)

000 -LEADER
fixed length control field 02229nam a22005297a 4500
001 - CONTROL NUMBER
control field 11750621
003 - CONTROL NUMBER IDENTIFIER
control field LIBRIS
005 - DATE AND TIME OF LATEST TRANSACTION
control field 20241030090944.0
008 - FIXED-LENGTH DATA ELEMENTS--GENERAL INFORMATION
fixed length control field 100204s2008 xxua||||||||||001 0|eng|c
020 ## - INTERNATIONAL STANDARD BOOK NUMBER
International Standard Book Number 9780143114246
Qualifying information pbk.
020 ## - INTERNATIONAL STANDARD BOOK NUMBER
International Standard Book Number 0143114247
Qualifying information pbk.
035 ## - SYSTEM CONTROL NUMBER
System control number (OCoLC)ocn191929178
035 ## - SYSTEM CONTROL NUMBER
System control number (OCoLC)191929178
040 ## - CATALOGING SOURCE
Original cataloging agency BTCTA
Transcribing agency BTCTA
Modifying agency BAKER
-- YDXCP
-- AUW
Description conventions a
Language of cataloging eng
041 ## - LANGUAGE CODE
Language code of text/sound track or separate title eng
050 00 - LIBRARY OF CONGRESS CALL NUMBER
Classification number P107
Item number .P548 2007
080 ## - UNIVERSAL DECIMAL CLASSIFICATION NUMBER
Universal Decimal Classification number 15
Item number P-65
082 04 - DEWEY DECIMAL CLASSIFICATION NUMBER
Classification number 401
Edition number 22
082 14 - DEWEY DECIMAL CLASSIFICATION NUMBER
Classification number 401
Edition number 14
084 ## - OTHER CLASSIFICATION NUMBER
Classification number F:d
Number source kssb/8
100 1# - MAIN ENTRY--PERSONAL NAME
Personal name Pinker, Steven
245 14 - TITLE STATEMENT
Title The stuff of thought:
Remainder of title language as a window into human nature /
Statement of responsibility, etc. / by: Penguin Books
260 ## - PUBLICATION, DISTRIBUTION, ETC.
Place of publication, distribution, etc. New York
Name of publisher, distributor, etc. Penguin Books
Date of publication, distribution, etc. 2008
300 ## - PHYSICAL DESCRIPTION
Extent ix, 499 p.
Other physical details ill.
Dimensions 22 cm.
340 ## - PHYSICAL MEDIUM
Dimensions 22 cm.
365 ## - TRADE PRICE
Price amount 16 usd
500 ## - GENERAL NOTE
General note Originally published: New York : Viking c2007.
504 ## - BIBLIOGRAPHY, ETC. NOTE
Bibliography, etc. note Includes bibliographical references (p. [441]-481) and index.
520 ## - SUMMARY, ETC.
Summary, etc. Presents a study of the relationship between language and human nature, explaining how everything from swearing and innuendo to prepositions and baby names reveals facts about key human concepts, emotions, and relationships.
650 #0 - SUBJECT ADDED ENTRY--TOPICAL TERM
Topical term or geographic name entry element Thought and thinking.
650 #0 - SUBJECT ADDED ENTRY--TOPICAL TERM
Topical term or geographic name entry element Psychology
9 (RLIN) 134
650 #0 - SUBJECT ADDED ENTRY--TOPICAL TERM
Topical term or geographic name entry element Language and languages
General subdivision Philosophy.
650 #7 - SUBJECT ADDED ENTRY--TOPICAL TERM
Topical term or geographic name entry element Thought and thinking.
Source of heading or term sears
650 #7 - SUBJECT ADDED ENTRY--TOPICAL TERM
Topical term or geographic name entry element Language and languages
General subdivision Philosophy.
Source of heading or term sears
653 ## - INDEX TERM--UNCONTROLLED
Uncontrolled term ფსიქოლოგია
887 ## - NON-MARC INFORMATION FIELD
Content of non-MARC field {"@id":"1kcdjklc3tm80st","modified":"2014-01-16T08:19:41+01:00","checksum":"59128229002"}
Source of data librisxl
887 ## - NON-MARC INFORMATION FIELD
Content of non-MARC field {"@id":"48g0ldz938l01tk","modified":"2019-06-27T13:47:31.497+02:00","checksum":"58980403566"}
Source of data librisxl
887 ## - NON-MARC INFORMATION FIELD
Content of non-MARC field {"@id":"7ckp2lpd1t7scmh","modified":"2016-02-15T11:07:06+01:00","checksum":"59696968919"}
Source of data librisxl
887 ## - NON-MARC INFORMATION FIELD
Content of non-MARC field {"@id":"djqt0p4k5gf4th2","modified":"2014-02-25T09:05:00+01:00","checksum":"55320823605"}
Source of data librisxl
942 ## - ADDED ENTRY ELEMENTS (KOHA)
Source of classification or shelving scheme
Koha item type Books
Holdings
Withdrawn status Lost status Source of classification or shelving scheme Damaged status Not for loan Permanent location Current location Date acquired Inventory number Total Checkouts Full call number Barcode Date last seen Price effective from Koha item type
          Ken Walker International University Ken Walker International University 03/01/2021 1596   15 P-65 1596 03/01/2021 03/01/2021 Books

Powered by Koha